| 000 | 00394nam a2200157Ia 4500 | ||
|---|---|---|---|
| 005 | 20250428010043.0 | ||
| 008 | 240331s9999 xx 000 0 und d | ||
| 020 | _a9555540217 | ||
| 082 |
_a891 _bSED |
||
| 100 | _aDharmasiri,J.M.S | ||
| 245 | 0 | _aSeda sulanga | |
| 260 |
_aColombo _bs. Godage & Brothers _c1991 |
||
| 300 | _a158 p ., | ||
| 500 | _aSarath Dharmasiri's Maiden Novel | ||
| 942 | _cL | ||
| 999 |
_c4846 _d4846 |
||